[Event "Bundesliga 9798"]
[Site "Germany"]
[Date "1998.??.??"]
[Round "?.1"]
[White "McShane, Luke J"]
[Black "Poldauf, Dirk"]
[Result "1-0"]
[WhiteElo "2455"]
[BlackElo "2455"]

1.e4 e6 2.d4 d5 3.Nd2 Nf6 4.e5 Nfd7 5.f4 c5 6.c3 Nc6 7.Ndf3 Qb6 8.g3 a5 9.Ne2 a4
10.a3 Ndb8 11.Bh3 Bd7 12.O-O Na5 13.f5 exf5 14.Nf4 Nb3 15.Nxd5 Qc6 16.Nf4 Nxa1
17.d5 Qb6 18.e6 fxe6 19.Ne5 c4+ 20.Kh1 g6 21.Re1 Qb3 22.Qe2 Nc2 23.Nxd7 Nxe1
24.Qxe6+ Kd8 25.Ne5 Qd1 26.Nf7+ Kc7 27.d6+ Kb6 28.d7+ Nc6 29.Be3+ Ka5 30.Nxh8 Nf3+
31.Kg2 Ng5 32.Qe8 Qf3+ 33.Kg1 Nxh3+ 34.Nxh3 Rd8 35.Nf2 Qd5 36.Bg5 Rxd7 37.Qa8+ Na7
38.Qxa7+ Kb5 39.Be3 Rd6 40.Nf7 Re6 41.Ng5 Ra6 42.Qb8 Bc5 43.Bxc5 Kxc5 44.Qc7+ Kb5
45.Qxh7 Rb6 46.Qh8 Ka5 47.Qa8+ Ra6 48.Qe8 Rb6 49.Qe2 Qb5 50.Nd1 Qc5+ 51.Kf1 Rd6
52.Nf3 b5 53.Nd4 Qd5 54.Nf2 g5 55.Qe7 f4 56.Qa7+ Ra6 57.Qc7+ Rb6 58.gxf4 gxf4
59.Qxf4 Rg6 60.h4 Rg7 61.Qf6 Qg2+ 62.Ke2 Rh7 63.Qd8+ Ka6 64.Qd6+ Kb7 65.Qc5 Ka8
66.Nxb5 Kb8 67.Qb6+ Ka8 68.Qd8+ Kb7 69.Nd6+ Ka7 70.Nxc4 Rf7 71.Qd4+ Kb8 72.Ne5 Rb7
73.Nd3 Re7+ 74.Kd2  1-0

[Event "Bundesliga 9798"]
[Site "Germany"]
[Date "1998.??.??"]
[Round "?.1"]
[White "McShane, Luke J"]
[Black "Van der Sterren, Paul"]
[Result "0-1"]
[WhiteElo "2455"]
[BlackElo "2555"]

1.e4 e5 2.Nf3 Nf6 3.d4 Nxe4 4.Bd3 d5 5.Nxe5 Nd7 6.O-O Nxe5 7.dxe5 Nc5 8.Nc3 c6
9.Be2 Be7 10.b4 Nd7 11.Qd4 O-O 12.Na4 b5 13.Nc5 Nxc5 14.bxc5 f6 15.f4 Bf5
16.c3 Qd7 17.Be3 Qe6 18.Bf3 Rae8 19.a4 a6 20.axb5 axb5 21.Ra6 Kh8 22.Bf2 Ra8
23.Rfa1 Rxa6 24.Rxa6 g5 25.Bg3 g4 26.Be2 fxe5 27.fxe5 Be4 28.Qe3 Qf5 29.Ra7 Bg5
30.Qd4 Qe6 31.Kh1 Kg8 32.Qd1 h5 33.Ra6 h4 34.Bxh4 Bxh4 35.Bxb5 Qf5 36.Rxc6 Bxg2+
37.Kxg2 Qe4+ 38.Kg1 Bf2+ 39.Kf1 Be3+ 40.Rf6 Rxf6+  0-1

[Event "Bundesliga 9798"]
[Site "Germany"]
[Date "1998.??.??"]
[Round "?.1"]
[White "McShane, Luke J"]
[Black "Womacka, Mathias"]
[Result "1/2-1/2"]
[WhiteElo "2455"]
[BlackElo "2475"]

1.e4 c5 2.Nf3 d6 3.d4 cxd4 4.Nxd4 Nf6 5.Nc3 a6 6.Be3 e5 7.Nb3 Be6 8.f4 exf4
9.Bxf4 Nc6 10.Qd2 d5 11.O-O-O Nxe4 12.Nxe4 dxe4 13.Qe3 Qc8 14.Qxe4 Be7 15.Bd3 f5
16.Qe3 O-O 17.Rhe1 Bf7 18.Nd4 Nxd4 19.Qxd4 Bf6 20.Be5 Bxa2 21.Bxf6 Rxf6 22.Re5 Bf7
23.Qf4 Qc6 24.Rxf5 Rxf5 25.Bxf5 Rf8 26.Qe4 Qh6+ 27.Kb1 b5 28.h3 Re8 29.Qd4 Qg5
30.g4 g6 31.Bd7 Re7 32.Bc8 a5 33.Qd8+ Kg7 34.Qxa5 Qc5 35.Qc3+ Qxc3 36.bxc3 Rc7
37.Bd7 Rxc3 38.h4 Rh3 39.Bxb5 Rxh4 40.Bd7 Kf6 41.Kb2 h5 42.gxh5 gxh5 43.Kc3 Ke5
44.Re1+ Kd6 45.Bf5 Rf4 46.Bd3 h4 47.Re4 Rxe4 48.Bxe4 Bd5 49.Kd4  1/2-1/2

[Event "Bundesliga 9798"]
[Site "Germany"]
[Date "1998.??.??"]
[Round "?.1"]
[White "Movsesian, Sergei"]
[Black "McShane, Luke J"]
[Result "0-1"]
[WhiteElo "2555"]
[BlackElo "2455"]

1.d4 Nf6 2.c4 g6 3.Nc3 Bg7 4.e4 d6 5.Nf3 O-O 6.Be2 e5 7.O-O Nc6 8.Be3 Ng4
9.Bg5 f6 10.Bc1 Kh8 11.d5 Ne7 12.h3 Nh6 13.b4 f5 14.Nd2 a5 15.bxa5 c5 16.dxc6 bxc6
17.Nb3 fxe4 18.Nxe4 Nhf5 19.Bb2 c5 20.Bg4 Bb7 21.Bxf5 Nxf5 22.Qd3 Qh4 23.Nxd6 Rad8
24.Nxf5 Rxf5 25.Qe3 Rdf8 26.Nd2 Kg8 27.f3 Bh6 28.Qe2 Bf4 29.Rfd1 Rg5 30.Nf1 Qxh3
31.Rd3 Qh4 32.Rd5 Bxd5 33.cxd5 Rh5 34.d6 Qh1+ 35.Kf2 Rg5 36.g4 Rxg4 37.Qc4+ Kh8
38.fxg4 Bg5+ 39.Ke2 Qg2+ 40.Kd3 Rf3+ 41.Ke4 Rf4+ 42.Kxe5 Rxc4 43.Ke6+ Kg8  0-1

[Event "Hastings Premier 9798"]
[Site "Hastings"]
[Date "1998.??.??"]
[Round "8"]
[White "McShane, Luke J"]
[Black "Tkachiev, Vladislav"]
[Result "0-1"]
[WhiteElo "2455"]
[BlackElo "2615"]

1.e4 g6 2.d4 Bg7 3.Nc3 d6 4.f4 Nf6 5.Nf3 O-O 6.Be3 b6 7.Bd3 c5 8.h3 cxd4
9.Bxd4 Bb7 10.Qd2 Nc6 11.Bf2 Rc8 12.O-O-O Nb4 13.Kb1 b5 14.Rhe1 Nxd3 15.Qxd3 Nh5
16.Ne2 Qc7 17.g4 Nf6 18.Ned4 b4 19.Bg3 Qb6 20.f5 Rfd8 21.Ng5 Qc5 22.Nxf7 Kxf7
23.Ne6 Qc6 24.Qb3 d5 25.e5 Ne8 26.Nxd8+ Rxd8 27.Qxb4 Rc8 28.Rc1 Ba6 29.Bh4 Qc5
30.Qf4 gxf5 31.gxf5 d4 32.Bf2 Rd8 33.Red1 Qxe5 34.Qg5 Be2 35.Rd2 d3 36.cxd3 Bxd3+
37.Ka1 Rb8 38.Qh5+  0-1

[Event "Roskilde op"]
[Site "Roskilde"]
[Date "1998.??.??"]
[Round "1"]
[White "Karlsen, Arne"]
[Black "McShane, Luke J"]
[Result "0-1"]
[WhiteElo "2065"]
[BlackElo "2490"]

1.e4 c5 2.Nf3 Nc6 3.Bb5 g6 4.O-O Bg7 5.Re1 e5 6.Bxc6 dxc6 7.d3 f6 8.Be3 b6
9.Nbd2 Nh6 10.Nf1 O-O 11.Ng3 Be6 12.b3 Qd7 13.Qc1 Nf7 14.Nd2 f5 15.exf5 gxf5
16.Nh5 f4 17.Ne4 Nh6 18.Nxg7 Qxg7 19.Bd2 Bh3 20.g3 Nf5 21.Qd1 Nd4 22.Qh5 Bg4
23.Qh4 Nf3+  0-1

[Event "Roskilde op"]
[Site "Roskilde"]
[Date "1998.??.??"]
[Round "2"]
[White "McShane, Luke J"]
[Black "Hansen, Gunnar West"]
[Result "1-0"]
[WhiteElo "2490"]
[BlackElo "2245"]

1.e4 g6 2.d4 Bg7 3.Nc3 c6 4.Nf3 d5 5.h3 Nf6 6.Bd3 dxe4 7.Nxe4 Nxe4 8.Bxe4 Bf5
9.Bxf5 Qa5+ 10.c3 Qxf5 11.Qb3 Nd7 12.Qxb7 Qe4+ 13.Be3 Rb8 14.Qxa7 Bh6 15.O-O Bxe3
16.Rae1 Rxb2 17.Rxe3 Qc2 18.Qc7 Rb8 19.Ne5  1-0

[Event "Roskilde op"]
[Site "Roskilde"]
[Date "1998.??.??"]
[Round "3"]
[White "Sveshnikov, Evgeny"]
[Black "McShane, Luke J"]
[Result "1-0"]
[WhiteElo "2595"]
[BlackElo "2490"]

1.e4 c5 2.c3 Nf6 3.e5 Nd5 4.Nf3 Nc6 5.d4 cxd4 6.cxd4 d6 7.Nc3 e6 8.Bd3 dxe5
9.dxe5 Nxc3 10.bxc3 Qa5 11.O-O Nxe5 12.Nxe5 Qxe5 13.Rb1 a6 14.Re1 Qc7 15.Qg4 h5
16.Qf3 Bd6 17.h3 Be5 18.c4 O-O 19.Bh7+ Kxh7 20.Qxh5+ Kg8 21.Rxe5 f6 22.Re3 Qxc4
23.Rg3 Rf7 24.Bh6 Qe4 25.Rd1 Bd7 26.Qxf7+ Kxf7 27.Rxg7+ Ke8 28.Rdxd7 Qe1+
29.Kh2 Qb4 30.Rxb7 Qf8 31.Rh7 Qg8 32.Rbd7  1-0

[Event "Roskilde op"]
[Site "Roskilde"]
[Date "1998.??.??"]
[Round "4"]
[White "McShane, Luke J"]
[Black "Larsen, Peter"]
[Result "1-0"]
[WhiteElo "2490"]
[BlackElo "2275"]

1.e4 c5 2.Nf3 e6 3.d4 cxd4 4.Nxd4 Nf6 5.Nc3 Nc6 6.Ndb5 Bb4 7.a3 Bxc3+ 8.Nxc3 d5
9.exd5 exd5 10.Bd3 h6 11.O-O O-O 12.b3 Ne5 13.Ne2 Bg4 14.f3 Bd7 15.Be3 Re8
16.Bd4 a6 17.a4 b5 18.a5 Nc4 19.Rf2 Ne5 20.Qd2 Rc8 21.Nf4 Nxd3 22.Nxd3 Bf5
23.Nb4 Qd6 24.Rd1 Nd7 25.Bc3 Qc5 26.Nxd5 Be6 27.Bb4 Qxd5 28.Qxd5 Bxd5 29.Rxd5 Nf6
30.Rd1 Re6 31.Rfd2 Kh7 32.c3 Rcc6 33.Kf2 Ne8 34.Rd7 Kg6 35.R1d4 Re5 36.Rg4+ Rg5
37.Rxg5+ hxg5 38.Ke3 Re6+ 39.Kd4 f5 40.Re7 Kf6 41.Rxe6+ Kxe6 42.Kc5 Nf6 43.Kb6 Kd5
44.Be7 Nd7+ 45.Kxa6 Kc6 46.b4 g4 47.fxg4 fxg4 48.c4 bxc4 49.b5+ Kc7 50.b6+ Kc6
51.b7 c3 52.Ka7 c2 53.Bg5 Kb5 54.Bd2 Kc6 55.b8=Q  1-0

[Event "Roskilde op"]
[Site "Roskilde"]
[Date "1998.??.??"]
[Round "5"]
[White "Grabliauskas, Virginijus"]
[Black "McShane, Luke J"]
[Result "1-0"]
[WhiteElo "2465"]
[BlackElo "2490"]

1.d4 Nf6 2.c4 g6 3.Nc3 Bg7 4.e4 d6 5.Nf3 O-O 6.Be2 e5 7.O-O Nc6 8.d5 Ne7
9.Ne1 Ne8 10.Be3 f5 11.f3 f4 12.Bf2 h5 13.c5 g5 14.a4 Rf6 15.cxd6 Nxd6 16.Nb5 a6
17.Nxd6 cxd6 18.a5 Rg6 19.h3 Kh8 20.Ra3 Ng8 21.Bb6 Qf8 22.Nd3 Bf6 23.Nf2 Nh6
24.Rc3 Qg8 25.Qc2 g4 26.fxg4 Bh4 27.Rc1 Bd7 28.Rc7 Rg7 29.Bf3 hxg4 30.Nxg4 Nxg4
31.Bxg4 Bxg4 32.hxg4 Rxg4 33.Qe2 Rf8 34.Qf3 Bg3 35.Kf1 Rh4 36.Ke2 Qg6 37.Re7 Rh2
38.Re6 Qg5 39.Kd3 Bh4 40.Rc2 Rg8 41.Rxd6 Be1 42.Re6 Rh6 43.Rxe5 Qg7 44.Rh5  1-0

[Event "Roskilde op"]
[Site "Roskilde"]
[Date "1998.??.??"]
[Round "6"]
[White "McShane, Luke J"]
[Black "Andreasen, Per"]
[Result "1-0"]
[WhiteElo "2490"]
[BlackElo "2290"]

1.e4 g6 2.d4 Bg7 3.Nc3 d6 4.Be3 c6 5.Nf3 Nf6 6.h3 O-O 7.Qd2 Qa5 8.Bd3 e5
9.Bh6 exd4 10.Nxd4 Bxh6 11.Qxh6 d5 12.e5 Ne4 13.Bxe4 dxe4 14.f4 exf3 15.Nxf3 Re8
16.O-O-O  1-0

[Event "Roskilde op"]
[Site "Roskilde"]
[Date "1998.??.??"]
[Round "8"]
[White "Jorgensen, Brian"]
[Black "McShane, Luke J"]
[Result "0-1"]
[WhiteElo "2195"]
[BlackElo "2490"]

1.d4 Nf6 2.c4 g6 3.Nc3 Bg7 4.e4 d6 5.f4 O-O 6.Nf3 Na6 7.Be2 e5 8.fxe5 dxe5
9.d5 c6 10.Bg5 Qb6 11.Qd2 Nc5 12.Bxf6 Bxf6 13.O-O-O Bg7 14.h4 f5 15.h5 fxe4
16.Ng5 e3 17.Qe1 Rf2 18.hxg6 hxg6 19.Rh7 Qd8 20.Nce4 Nxe4 21.Rxg7+ Kxg7 22.Nxe4 Qh4
23.Bf3 Qf4 24.Rd3 Rf1  0-1

[Event "Rilton Cup 9899"]
[Site "Stockholm"]
[Date "1999.01.02"]
[Round "5"]
[White "Elsness, Frode"]
[Black "McShane, Luke J"]
[Result "1-0"]
[WhiteElo "2350"]
[BlackElo "2470"]

1.d4 d5 2.c4 c6 3.Nf3 Nf6 4.Nc3 dxc4 5.a4 Bf5 6.Ne5 Nbd7 7.Nxc4 Qc7 8.g3 e5
9.dxe5 Nxe5 10.Bf4 Nfd7 11.Bg2 a5 12.O-O Be6 13.Nxe5 Nxe5 14.Qc2 f6 15.Rfd1 Qf7
16.Qe4 Bc5 17.Be3 Bxe3 18.Qxe3 O-O 19.Ne4 Nc4 20.Qc3 Qe7 21.Rd4 Nb6 22.Qc5 Qc7
23.Rad1 Nd7 24.Qd6 Qxd6 25.Rxd6 Bb3 26.R1d3 Bc4 27.Rxd7 Bxd3 28.exd3 Rab8
29.Nd6 b5 30.Bxc6 bxa4 31.Nc4 Rb4 32.Bd5+ Kh8 33.Ra7 Rd8 34.Rxa5 g6 35.g4 Kg7
36.Be4 Rd4 37.f3 h5 38.h3 hxg4 39.hxg4 Rd8 40.Kf2 Rh8 41.Ke3 Rh1 42.Bc6 Ra1
43.Kd4 Kh6 44.Kc3 Rb3+ 45.Kc2 Rb4 46.Rb5 Rxb5 47.Bxb5 Kg5 48.d4 Kf4 49.d5 Rh1
50.d6 Rh2+ 51.Kc3 Kxf3 52.d7 Rh8 53.Nd6  1-0

[Event "Bundesliga 9899"]
[Site "Germany"]
[Date "1999.01.31"]
[Round "9.1"]
[White "Hracek, Zbynek"]
[Black "McShane, Luke J"]
[Result "1-0"]
[WhiteElo "2615"]
[BlackElo "2497"]

1.e4 c5 2.Nf3 Nc6 3.Bb5 g6 4.O-O Bg7 5.c3 Nf6 6.Re1 O-O 7.d4 cxd4 8.cxd4 d5
9.e5 Ne4 10.Nc3 Nxc3 11.bxc3 Bf5 12.Bxc6 bxc6 13.Ba3 a5 14.Nh4 Be6 15.Rb1 Qc7
16.h3 Rfb8 17.f4 Qd7 18.Qd3 f5 19.Nf3 Qc7 20.Rxb8+ Rxb8 21.Rb1 Rxb1+ 22.Qxb1 Bc8
23.Bc5 Ba6 24.a4 Bh6 25.g3 e6 26.Kf2 Bf8 27.Qb6 Qxb6 28.Bxb6 Bc4 29.Bxa5 Bb3
30.Bb4 Bxb4 31.cxb4 Bxa4 32.Ng5 h6 33.Nxe6 Kf7 34.Nc7 Ke7 35.b5 Kd7 36.b6  1-0

[Event "Cappelle op"]
[Site "Cappelle la Grande"]
[Date "1999.02.14"]
[Round "2"]
[White "Poluljahov, Aleksandr"]
[Black "McShane, Luke J"]
[Result "1-0"]
[WhiteElo "2566"]
[BlackElo "2497"]

1.e4 c5 2.d3 Nc6 3.g3 d5 4.Nd2 Nf6 5.Bg2 e6 6.Ngf3 Be7 7.O-O O-O 8.Re1 b5
9.e5 Nd7 10.Nf1 a5 11.h4 b4 12.N1h2 a4 13.a3 bxa3 14.bxa3 Rb8 15.Bf4 Ba6
16.h5 Na7 17.h6 g6 18.Ng4 Nb5 19.c4 Nc3 20.Qd2 d4 21.Bg5 Bb7 22.Bxe7 Qxe7
23.Ng5 Bxg2 24.Kxg2 Rb3 25.Ne4 Nxe4 26.Rxe4 Rfb8 27.Rf4 Rc3 28.Rf3 Rbb3 29.Re1 Nb6
30.Nf6+ Kh8 31.Ne4 Nxc4 32.Qg5 Qxg5 33.Nxg5 Rxd3 34.Rxf7 Rb8 35.Rxh7+ Kg8
36.Rg7+ Kf8 37.Nxe6+ Ke8 38.h7  1-0

[Event "Gelsenkirchen op"]
[Site "Gelsenkirchen"]
[Date "1999.03.28"]
[Round "?"]
[White "Boidman, Yuri"]
[Black "McShane, Luke J"]
[Result "1/2-1/2"]
[WhiteElo "2418"]
[BlackElo "2497"]

1.e4 c5 2.Nf3 Nc6 3.Bb5 g6 4.O-O Bg7 5.Nc3 e5 6.d3 Nge7 7.Bc4 O-O 8.h3 d6
9.Nh2 Kh8 10.f4 f5 11.fxe5 dxe5 12.exf5 gxf5 13.a3 b6 14.Nf3 Qd6 15.Nb5 Qg6
16.Nh4 Qf6 17.Qh5 f4 18.Nc7 Rb8 19.Nd5 Qd6 20.Nc3 Nf5 21.Ne4 Qd4+ 22.Kh2 Nxh4
23.Qxh4 Bf5 24.c3 Qd7 25.b4 cxb4 26.axb4 b5 27.Nc5 Qd6 28.Bb3 a5 29.Ba3 f3
30.Qg3 fxg2 31.Kxg2 Bh6 32.Kh1 axb4 33.Bxb4 Nxb4 34.cxb4 Qc6+ 35.Qg2 Qxg2+
36.Kxg2 Rb6 37.Rf3 Bf4 38.d4 Rg6+ 39.Kh1 Rh6 40.dxe5 Bg4 41.Rxf4 Rxh3+ 42.Kg2 Rxf4
43.Ra8+ Kg7 44.Rg8+ Kh6 45.Rxg4 Rxg4+ 46.Kxh3 Rxb4 47.e6 Kg7  1/2-1/2

[Event "Politiken Cup"]
[Site "Copenhagen"]
[Date "1999.07.05"]
[Round "3"]
[White "McShane, Luke J"]
[Black "Bering, Anders"]
[Result "1-0"]
[WhiteElo "2467"]
[BlackElo "2007"]

1.e4 c5 2.Nf3 d6 3.d4 cxd4 4.Nxd4 Nf6 5.Nc3 g6 6.Bc4 Bg7 7.O-O Nc6 8.Re1 O-O
9.h3 Bd7 10.Bb3 Rc8 11.Bg5 Nxd4 12.Qxd4 Qa5 13.Qd2 Rxc3 14.bxc3 Nxe4 15.Rxe4 Bxc3
16.Qf4 Bxa1 17.Bxe7 Be5 18.Qf3 Qd2 19.Rxe5  1-0

[Event "Politiken Cup"]
[Site "Copenhagen"]
[Date "1999.07.07"]
[Round "5"]
[White "McShane, Luke J"]
[Black "Kristjansson, Stefan"]
[Result "1/2-1/2"]
[WhiteElo "2467"]
[BlackElo "2278"]

1.e4 e6 2.d4 d5 3.Nd2 Nf6 4.e5 Nfd7 5.f4 c5 6.c3 Nc6 7.Ndf3 cxd4 8.cxd4 Qb6
9.g3 Bb4+ 10.Kf2 g5 11.fxg5 Ndxe5 12.Kg2 Nxf3 13.Nxf3 Bf8 14.Rb1 Bg7 15.b4 Bxd4
16.Nxd4 Qxd4 17.Qxd4 Nxd4 18.Bb2 e5 19.Re1 O-O 20.Rxe5 Nc2 21.a3 Bf5 22.Kf2 Be4
23.Rg1 Rac8 24.Bh3 Nxb4 25.Bxc8 Nd3+ 26.Ke3 Nxe5 27.Bxe5 Rxc8 28.h4 Kf8 29.Bd4 b6
30.Ra1 Ke7 31.a4 Rc6 32.a5 bxa5 33.Rxa5 a6 34.Ra3 Ke6 35.Rb3 Kf5 36.Rb7 Kg4
37.Rxf7 Kxg3 38.h5 Kg4 39.Rf6 Rc8 40.g6 hxg6 41.hxg6 Rg8 42.g7 a5 43.Ra6 Kg5
44.Ra7 Kg6 45.Kf4 a4 46.Be5 Kh7 47.Kg5 a3 48.Kf6 a2 49.Bd4 Bb1 50.Ke6 Be4
51.Rxa2 Rxg7 52.Bxg7  1/2-1/2

[Event "Politiken Cup"]
[Site "Copenhagen"]
[Date "1999.07.12"]
[Round "9"]
[White "McShane, Luke J"]
[Black "Hansen, Sune Berg"]
[Result "0-1"]
[WhiteElo "2467"]
[BlackElo "2558"]

1.e4 c5 2.Nf3 d6 3.d4 cxd4 4.Nxd4 Nf6 5.Nc3 g6 6.Bc4 Bg7 7.O-O O-O 8.Re1 Nc6
9.h3 Bd7 10.Bg5 Nxd4 11.Qxd4 h6 12.Bd2 Ng4 13.Qd3 Ne5 14.Qe2 Bxh3 15.gxh3 Qc8
16.Bb3 Qxh3 17.f4 Qg3+ 18.Kf1 Ng4 19.Qg2 Nh2+ 20.Kg1 Nf3+ 21.Kf1 Qxg2+ 22.Kxg2 Nxd2
23.Bd5 e6 24.Rad1 exd5 25.Rxd2 Bxc3 26.bxc3 Rac8 27.Rxd5 Rxc3 28.Rxd6 Rxc2+
29.Kg3 Rfc8 30.f5 R8c6 31.Rd7 Rxa2 32.Rxb7 Kg7 33.Rd1 g5 34.Rd3 Rc1 35.Kf3 Rf1+
36.Ke3 g4 37.Kd4 Ra4+ 38.Kd5 h5 39.Rc3 Ra5+ 40.Kd4 Rf4 41.Rc8 Ra4+ 42.Kd5 Raxe4
43.Rcc7 Rd4+  0-1

[Event "Politiken Cup"]
[Site "Copenhagen"]
[Date "1999.07.13"]
[Round "10"]
[White "McShane, Luke J"]
[Black "El Kher, Henrik"]
[Result "1/2-1/2"]
[WhiteElo "2467"]
[BlackElo "2332"]

1.e4 c5 2.Nf3 Nc6 3.d4 cxd4 4.Nxd4 Nf6 5.Nc3 e5 6.Ndb5 d6 7.Bg5 a6 8.Na3 b5
9.Bxf6 gxf6 10.Nd5 Bg7 11.Bd3 Ne7 12.Nxe7 Qxe7 13.c3 O-O 14.O-O f5 15.Nc2 Rb8
16.exf5 e4 17.Re1 Bxf5 18.Ne3 Bg6 19.Nd5 Qe5 20.Bc2 Kh8 21.a4 bxa4 22.f4 Qe6
23.Rxa4 Rxb2 24.Bxe4 Qc8 25.Kh1 f5 26.Bf3 Bf7 27.Qd3 Bxd5 28.Qxd5 Qxc3 29.Rd1 Rb4
30.Rxb4 Qxb4 31.Qxd6 Qxd6 32.Rxd6 Rf6 33.Rd5 Bf8 34.g3 Kg7 35.Kg2 Bb4 36.Be2 a5
37.Bb5 h6 38.Ba4 h5 39.Bc2 Rd6 40.Rxd6 Bxd6 41.Bxf5 h4 42.Bd7 hxg3 43.hxg3 Kf6
44.Kf3 Bb4 45.g4 Kg6 46.Be8+ Kf6 47.Ke4 Bd6 48.g5+ Kg7 49.Kf5 Bc7 50.Ba4 Bd6
51.Bb3 Bc7 52.Kg4 Bd6 53.f5 Be7 54.Kf4  1/2-1/2

[Event "Politiken Cup"]
[Site "Copenhagen"]
[Date "1999.07.14"]
[Round "11"]
[White "Bekker Jensen, Simon"]
[Black "McShane, Luke J"]
[Result "0-1"]
[WhiteElo "2436"]
[BlackElo "2467"]

1.d4 d5 2.c4 c6 3.Nf3 Nf6 4.Nc3 dxc4 5.a4 Bf5 6.Nh4 Bd7 7.e4 e6 8.Nf3 Bb4
9.e5 Nd5 10.Bd2 b5 11.Ne4 Bxd2+ 12.Qxd2 O-O 13.Be2 Be8 14.O-O Nd7 15.Nfg5 h6
16.Nh3 Qe7 17.Ra3 f5 18.Nd6 N7b6 19.axb5 cxb5 20.Ra5 a6 21.Rfa1 Bc6 22.Rxa6 Rxa6
23.Rxa6 Ra8 24.Qa5 Rxa6 25.Qxa6 Qd7 26.Bh5 Qe7 27.Nf4 Nxf4 28.Bf7+ Kh7 29.Qxb6 Qg5
30.Qxc6 Nh3+ 31.Kf1 Qc1+ 32.Ke2 Ng1+  0-1

[Event "Lippstadt"]
[Site "Lippstadt"]
[Date "1999.07.24"]
[Round "3"]
[White "McShane, Luke J"]
[Black "Naiditsch, Arkadij"]
[Result "1/2-1/2"]
[WhiteElo "2467"]
[BlackElo "2417"]

1.e4 c5 2.Nf3 d6 3.d4 cxd4 4.Nxd4 Nf6 5.Nc3 a6 6.Be3 e5 7.Nb3 Be6 8.Qd2 Be7
9.f3 Nbd7 10.O-O-O b5 11.g4 h6 12.h4 Nb6 13.Qf2 Nfd7 14.Nd5 Bxd5 15.exd5 Nc4
16.Bd2 Ndb6 17.Na5 Nxd2 18.Nc6 Qc7 19.Qxd2 O-O 20.g5 h5 21.Bh3 g6 22.Rhe1 Nc4
23.Qc3 Rfe8 24.Re4 Bf8 25.Rde1 Nb6 26.Qd2 Nc4 27.Qe2 Na5 28.Nxa5 Qxa5 29.Kb1 Red8
30.f4 exf4 31.Rxf4 Ra7 32.Ref1 Re7 33.Qf2 Bg7 34.c3 Kh7 35.Rxf7 Rxf7 36.Qxf7 Rf8
37.Qe6 Qa4 38.Qe1 Rf4 39.Rxf4 Qxf4 40.Bg2 Qe5 41.Be4 b4 42.Kc2 a5 43.Kb3 bxc3
44.bxc3 Qf4 45.Qb1 Qf7 46.Qd1 a4+ 47.Ka3 Qf2 48.Qd3 Qc5+ 49.Kxa4 Qa7+ 50.Kb3 Qb6+
51.Ka3 Qa7+ 52.Kb3 Qb6+ 53.Ka3 Qa7+ 54.Kb2 Qf2+ 55.Kb1 Qg1+ 56.Kc2 Qf2+ 57.Kd1 Qg1+
58.Kc2 Qf2+ 59.Kd1 Qg1+ 60.Ke2 Qh2+ 61.Kf1 Qf4+ 62.Kg2 Qg4+ 63.Kf1 Qf4+ 64.Ke2 Qh2+
65.Kf1  1/2-1/2

[Event "Lippstadt"]
[Site "Lippstadt"]
[Date "1999.07.30"]
[Round "9"]
[White "McShane, Luke J"]
[Black "Mirumian, Vigen"]
[Result "0-1"]
[WhiteElo "2467"]
[BlackElo "2506"]

1.d4 Nf6 2.c4 e6 3.Nc3 d5 4.cxd5 exd5 5.Bg5 Nbd7 6.e3 c6 7.Bd3 Be7 8.Nge2 O-O
9.Qc2 Re8 10.O-O Nf8 11.a3 Ne4 12.Bxe7 Qxe7 13.Bxe4 dxe4 14.Ng3 f5 15.f3 exf3
16.Rxf3 Ng6 17.Re1 f4 18.Nge4 Qh4 19.Rf2 fxe3 20.Rxe3 Be6 21.Nd6 Qxd4 22.Rd3 Bc4
23.Rd1 Qxd6 24.Ne4 Rxe4  0-1

[Event "Bundesliga 9900"]
[Site "Germany"]
[Date "1999.10.10"]
[Round "2"]
[White "McShane, Luke J"]
[Black "Rogozenko, Dorin"]
[Result "0-1"]
[WhiteElo "2467"]
[BlackElo "2576"]

1.e4 e5 2.Nf3 Nc6 3.Bb5 a6 4.Ba4 Nf6 5.O-O Nxe4 6.d4 b5 7.Bb3 d5 8.dxe5 Be6
9.c3 Bc5 10.Bf4 g5 11.Be3 Bxe3 12.fxe3 g4 13.Nd4 Nxe5 14.Nd2 Nxd2 15.Qxd2 Qg5
16.Qf2 O-O 17.Qg3 c5 18.Nf5 Ng6 19.Bc2 Rad8 20.a4 Rfe8 21.Nd6 Re7 22.axb5 axb5
23.Bxg6 hxg6 24.h4 Qh6 25.Ra6 b4 26.cxb4 cxb4 27.Rf4 b3 28.Rb6 Qg7 29.Rd4 Ra7
30.Ne4 Re8 31.Ng5 Bf5 32.Rb8 Re7 33.Qd6 Rxe3 34.Re4 Rxe4 35.Nxe4 Qd4+ 36.Nf2 Bc8
37.Qg3 Qxb2 38.Nxg4 Qd4+ 39.Kh2 b2 40.Nh6+ Kg7 41.Rxc8 b1=Q 42.Rxe8 Qbg1+  0-1

[Event "Masters"]
[Site "Kilkenny IRL"]
[Date "1999.11.26"]
[Round "1"]
[White "McShane,L"]
[Black "Van Esch,S"]
[Result "1-0"]
[WhiteElo "2467"]
[BlackElo "2166"]

1.e4 c5 2.Nf3 Nc6 3.d4 cxd4 4.Nxd4 Nf6 5.Nc3 e5 6.Ndb5 d6 7.Bg5 a6 8.Na3 b5
9.Bxf6 gxf6 10.Nd5 Bg7 11.c3 f5 12.exf5 Bxf5 13.Nc2 Be6 14.g3 O-O 15.Bg2 Rb8
16.O-O a5 17.Qd2 Ne7 18.Rfd1 Nxd5 19.Bxd5 Rb6 20.Ne3 Qd7 21.c4 b4 22.Rac1 Rc8
23.b3 Rc5 24.Qd3 Bh6 25.Rc2 Ra6 26.Be4 f6 27.Nf5 Bxf5 28.Bxf5 Qf7 29.Re2 Kh8
30.Re4 Bg5 31.Rg4 a4 32.h4 Bh6 33.Be4 axb3 34.axb3 Rc8 35.c5 Ra7 36.cxd6 Rc3
37.Qb5 Qd7 38.Bd5 Bg7 39.Qxb4 Rc2 40.Rc4 Rxc4 41.bxc4  1-0

[Event "Masters"]
[Site "Kilkenny IRL"]
[Date "1999.11.27"]
[Round "3"]
[White "McShane,L"]
[Black "Collins,S"]
[Result "1-0"]
[WhiteElo "2467"]
[BlackElo "2097"]

1.e4 c5 2.Nf3 e6 3.d4 cxd4 4.Nxd4 Nf6 5.Nc3 d6 6.Be3 a6 7.Qd2 b5 8.f3 Nbd7
9.O-O-O Bb7 10.g4 h6 11.Kb1 b4 12.Nce2 d5 13.exd5 Nxd5 14.Nf4 Nxe3 15.Qxe3 Qb6
16.Bc4 O-O-O 17.Nd3 Bc5 18.Nxc5 Qxc5 19.Be2 Nb6 20.Qf4 e5 21.Qf5+ Kb8 22.Nb3 Qe7
23.Qh5 Rxd1+ 24.Rxd1 Nd5 25.Qh3 Nf4 26.Qf1 Nxe2 27.Qxe2 Qc7 28.Nc1 Rc8 29.Rd2 f6
30.Qd3 Qc6 31.Rf2 Qb6 32.Rd2 Qc6 33.Rf2 Qb6 34.Qe2 a5 35.Qe1 Bd5 36.Nd3 Rc4
37.Qd2 Qb7 38.Qe3 Qa7 39.Qe2 Rc7 40.Rf1 Qa6 41.b3 Qc6 42.h4 g5 43.Ne1 Kb7
44.Ng2 e4 45.f4 a4 46.Qd2 axb3 47.axb3 Qb5 48.Ne3 Be6 49.f5 Bf7 50.hxg5 hxg5
51.Qd4 Rc3 52.Rh1 Qc5 53.Qxf6 Qxe3 54.Qxf7+ Rc7 55.Qd5+ Ka7 56.Qa5+  1-0

[Event "Masters"]
[Site "Kilkenny IRL"]
[Date "1999.11.27"]
[Round "4"]
[White "Adams,Mi"]
[Black "McShane,L"]
[Result "1/2-1/2"]
[WhiteElo "2708"]
[BlackElo "2467"]

1.e4 c5 2.Nc3 Nc6 3.g3 g6 4.Bg2 Bg7 5.d3 d6 6.Be3 Nf6 7.Nge2 O-O 8.O-O Rb8
9.a4 a6 10.Qc1 b5 11.axb5 axb5 12.Bh6 b4 13.Nd5 e6 14.Bxg7 Kxg7 15.Ne3 d5
16.exd5 exd5 17.Re1 Bb7 18.Nf4 Nd4 19.Ra4 Re8 20.h4 Ne6 21.Nxe6+ Rxe6 22.Ra7 Qb6
23.Ra1 Rbe8 24.Qd2 h6 25.Rad1 Qd6 26.d4 c4 27.c3 bxc3 28.bxc3 Bc6 29.Ra1 Ne4
30.Bxe4 Rxe4 31.h5 Bd7 32.hxg6 fxg6 33.Ra7 R8e7 34.Ng2 Rxe1+ 35.Nxe1 Qb8
36.Ra1 Bg4 37.Ng2 Bf3 38.Re1 Re4 39.Nh4 Qb2 40.Qc1 Rxe1+ 41.Qxe1 Qe2 42.Qxe2 Bxe2
43.f4 Bd3 44.Ng2 Be4 45.Ne3 Kf6 46.Ng4+ Kg7 47.Kh2 h5 48.Ne3 g5 49.fxg5 Kg6
50.Kg1 Kxg5 51.Kf2  1/2-1/2

[Event "Bundesliga 1999-2000"]
[Site "Bremen GER"]
[Date "1999.12.11"]
[Round "5"]
[White "McShane,L"]
[Black "Van Wely,L"]
[Result "1-0"]
[WhiteElo "2467"]
[BlackElo "2629"]

1.e4 c5 2.Nf3 d6 3.d4 cxd4 4.Nxd4 Nf6 5.Nc3 a6 6.Be3 e6 7.f3 b5 8.Qd2 Bb7
9.O-O-O Nbd7 10.g4 Nb6 11.Bd3 Rc8 12.Kb1 Nfd7 13.f4 Nc4 14.Bxc4 Rxc4 15.f5 b4
16.fxe6 fxe6 17.Na4 e5 18.Ne6 Qe7 19.Ng5 Nf6 20.Nb6 Nxe4 21.Qe2 Rc7 22.Nxe4 Bxe4
23.Bg5 Qxg5 24.Qxe4 h5 25.h4 Qd8 26.Qg6+ Rf7 27.Rhf1 Qe7 28.Nd5 Qd7 29.Rxf7 Qxf7
30.Nc7+  1-0

[Event "Premier"]
[Site "Hastings ENG"]
[Date "2000.01.04"]
[Round "1"]
[White "Chandler,M"]
[Black "McShane,L"]
[Result "1/2-1/2"]
[WhiteElo "2527"]
[BlackElo "2438"]

1.e4 c5 2.Nf3 Nc6 3.d4 cxd4 4.Nxd4 Nf6 5.Nc3 e5 6.Ndb5 d6 7.Bg5 a6 8.Na3 b5
9.Nd5 Be7 10.Nxe7 Nxe7 11.Qf3 Nd7 12.b4 h6 13.Bd2 Bb7 14.c4 Nf6 15.Bd3 bxc4
16.Nxc4 d5 17.exd5 e4 18.Bxe4 Nxe4 19.Qxe4 O-O 20.Qd3 Bxd5 21.Ne3 Re8 22.O-O Bxg2  1/2-1/2

[Event "Premier"]
[Site "Hastings ENG"]
[Date "2000.01.06"]
[Round "3"]
[White "Lalic,B"]
[Black "McShane,L"]
[Result "1/2-1/2"]
[WhiteElo "2548"]
[BlackElo "2438"]

1.d4 Nf6 2.c4 g6 3.Nf3 Bg7 4.g3 O-O 5.Bg2 d6 6.O-O Nc6 7.Nc3 Rb8 8.b3 a6
9.Nd5 Bg4 10.Bb2 Qd7 11.Ne3 Bh3 12.d5 Nd8 13.Qc2 Bxg2 14.Kxg2 c5 15.dxc6 Nxc6
16.Rad1 Rfc8 17.Qb1 Qe8 18.Nd5 Nd7 19.Bxg7 Kxg7 20.Qb2+ Kg8 21.h4 h5 22.Nh2 Qf8
23.e4 b5 24.cxb5 Rxb5 25.Rc1 Nb6 26.Nxb6 Rxb6 27.Nf3 a5 28.Rc4 Nb4 29.Rfc1 Rbc6
30.Rxc6 Rxc6 31.Rxc6 Nxc6 32.Qd2 Qd8 33.a3 e6 34.Qc3 Qb6 35.Ne1  1/2-1/2

[Event "Premier"]
[Site "Hastings ENG"]
[Date "2000.01.07"]
[Round "4"]
[White "McShane,L"]
[Black "Bischoff,K"]
[Result "1-0"]
[WhiteElo "2438"]
[BlackElo "2544"]

1.e4 e6 2.d4 d5 3.Nd2 Nf6 4.e5 Nfd7 5.f4 c5 6.c3 Nc6 7.Ndf3 cxd4 8.cxd4 f5
9.Bd3 Nb6 10.Ne2 Be7 11.O-O Bd7 12.a3 O-O 13.h3 Be8 14.g4 Bg6 15.Kh2 a5 16.gxf5 Bxf5
17.Bxf5 exf5 18.Rg1 Qd7 19.Qd3 Nd8 20.Rg2 Ra6 21.Be3 Nc4 22.Rag1 Ne6 23.Bc1 g6
24.h4 Ng7 25.Ng3 a4 26.h5 Qe6 27.Rh1 Kf7 28.Kg1 Ke8 29.h6 Nh5 30.Nxh5 gxh5
31.Rxh5 Qf7 32.Rhh2 Rg8 33.b3 axb3 34.Qxb3 Rxg2+ 35.Rxg2 Bf8 36.Ng5 Qh5 37.Nxh7 Qh4
38.Qg3 Qxg3 39.Rxg3 Rxh6 40.Nf6+ Kf7 41.Nxd5 Ra6 42.Rb3  1-0